000 00789aam a2200301 i 4500
001 768714001
003 CO-MdFUSB
005 20251024085644.0
007 ta
008 251024t1999 sp |||| |||| 00| 0 spa d
020 _a84-8469-291-3
040 _cCO-MdFUSB
041 0 _aspa
082 0 4 _223
_a252
_bV749o
100 1 _aVilley, Lucile
_eautor
245 1 0 _aOrígenes, lector de la escritura
_c/ Lucile Villey
264 1 _bVerbo Divino,
_aNavarra, España :
_c[1999]
264 4 _c©1999
300 _a98 páginas
336 _atexto
_btxt
_2rdacontent
337 _2rdamedia
_asin mediación
_bn
338 _2rdacarrier
_avolumen
_bnc
490 _aDocumentos en torno a la Biblia
563 _aRústico
650 7 _aSermones
_9283
942 _cBK
945 _aJTF-925
999 _c36488
_d36488